| 000 | 00944nam a22002537a 4500 | ||
|---|---|---|---|
| 005 | 20080905095434.0 | ||
| 008 | 080905t xxu||||| |||| 00| 0 eng d | ||
| 010 | _aENG-90940 | ||
| 020 |
_a9788178803678 _c700.00 |
||
| 035 | _aEN-74473 | ||
| 037 | _bDBAD / PUB | ||
| 040 |
_aDPl _bEnglish |
||
| 082 | _a370.71 | ||
| 100 | _aSengupta, Shibdas | ||
| 245 |
_aTeachers and educational quality / _cby Shibdas Sengupta |
||
| 260 |
_aNew Delhi _bRajat Publications _c2008 |
||
| 270 |
_a4675/21,Ansari Road, Darya Ganj, _bNew Delhi _e110002 _k23267924,22507277 |
||
| 300 |
_av, 290p. _c23 cm (Hb) |
||
| 500 | _aIncludes bibliographical references and index | ||
| 650 |
_aTeacher _xTraining of- |
||
| 650 | _aTeacher effectiveness | ||
| 942 |
_2ddc _cEN _mSIN _h370.71 |
||
| 999 |
_c15360 _d15360 |
||